| 000 | 00861nam a2200253 a 4500 | ||
|---|---|---|---|
| 001 | BRL_1102 | ||
| 005 | 20190320211032.0 | ||
| 008 | 121113s19691971mx-aobe###---#000-0#spa-# | ||
| 041 | _aspa | ||
| 044 | _amx | ||
| 050 | 4 |
_aN6553 _b.C83 1969 |
|
| 245 | 1 | 0 | _aCuarenta siglos de plástica mexicana |
| 260 |
_aMéxico. _bEditorial Herrero _c1969-1971 |
||
| 300 |
_av. _bil. algunas a color., mapas, planos, láminas _c34 cm. |
||
| 440 | 0 |
_aGalería de Arte Herrero _925794 |
|
| 500 | _aVol 1. Au1242, Vol. 2 Au1241, Vol 3. Au1240, | ||
| 505 | 0 | _aContenido: v.1 Arte prehispánico - v.2 Arte colonial - v.3 Arte moderno y contemporáneo. | |
| 650 | 1 | 4 |
_aArte _xHistoria _zMéxico _9898 |
| 650 | 1 | 4 |
_aArte indígena _zMéxico _9597 |
| 650 | 1 | 4 |
_aArte colonial _zMéxico _925795 |
| 650 | 1 | 4 |
_aArte moderno _ySiglo XX _zMéxico _922516 |
| 902 | _aGRL | ||
| 942 |
_2lcc _cB |
||
| 999 |
_c9914 _d9914 |
||